Statistics for Ferrari Formula 1 Lineups Since 1990

Click here to take the quiz!

General Stats

  • This quiz has been taken 598 times
  • The average score is 62 of 70

Answer Stats

YearNameCountryRounds% Correct
2009Kimi RaikkonenFinlandAll
100%
2018Kimi RaikkonenFinlandAll
100%
2017Kimi RaikkonenFinlandAll
100%
2007Kimi RaikkonenFinlandAll
100%
2016Kimi RaikkonenFinlandAll
100%
2008Kimi RaikkonenFinlandAll
100%
2015Kimi RaikkonenFinlandAll
100%
2014Kimi RaikkonenFinlandAll
100%
1999Michael SchumacherGermany1-8, 15-16
100%
2006Michael SchumacherGermanyAll
100%
2004Michael SchumacherGermanyAll
100%
2003Michael SchumacherGermanyAll
100%
2002Michael SchumacherGermanyAll
100%
2001Michael SchumacherGermanyAll
100%
2000Michael SchumacherGermanyAll
100%
1998Michael SchumacherGermanyAll
100%
1997Michael SchumacherGermanyAll
100%
2005Michael SchumacherGermanyAll
100%
1996Michael SchumacherGermanyAll
100%
2018Sebastian VettelGermanyAll
100%
2020Sebastian VettelGermanyAll
100%
2019Sebastian VettelGermanyAll
100%
2017Sebastian VettelGermanyAll
100%
2016Sebastian VettelGermanyAll
100%
2015Sebastian VettelGermanyAll
100%
2019Charles LeclercMonacoAll
99%
2020Charles LeclercMonacoAll
99%
2021Charles LeclercMonacoTBD
99%
2013Fernando AlonsoSpainAll
99%
2012Fernando AlonsoSpainAll
99%
2011Fernando AlonsoSpainAll
99%
2010Fernando AlonsoSpainAll
99%
2014Fernando AlonsoSpainAll
99%
2007Felipe MassaBrazilAll
98%
2006Felipe MassaBrazilAll
98%
2008Felipe MassaBrazilAll
98%
2010Felipe MassaBrazilAll
98%
2011Felipe MassaBrazilAll
98%
2012Felipe MassaBrazilAll
98%
2009Felipe MassaBrazil1-10
98%
2013Felipe MassaBrazilAll
98%
2021Carlos SainzSpainTBD
97%
1990Alain ProstFranceAll
94%
1991Alain ProstFrance1-15
94%
2005Rubens BarrichelloBrazilAll
94%
2004Rubens BarrichelloBrazilAll
94%
2003Rubens BarrichelloBrazilAll
94%
2002Rubens BarrichelloBrazilAll
94%
2001Rubens BarrichelloBrazilAll
94%
2000Rubens BarrichelloBrazilAll
94%
1999Eddie IrvineUKAll
81%
1998Eddie IrvineUKAll
81%
1997Eddie IrvineUKAll
81%
1996Eddie IrvineUKAll
81%
1990Nigel MansellUKAll
79%
1994Gerhard BergerAustriaAll
75%
1993Gerhard BergerAustriaAll
75%
1995Gerhard BergerAustriaAll
75%
2009Giancarlo FisichellaItaly13-17
71%
1995Jean AlesiFranceAll
71%
1994Jean AlesiFrance1, 4-16
71%
1993Jean AlesiFranceAll
71%
1992Jean AlesiFranceAll
71%
1991Jean AlesiFranceAll
71%
1999Mika SaloFinland9-14
63%
2009Luca BadoerItaly11-12
51%
1994Nicola LariniItaly2-3
23%
1992Nicola LariniItaly15-16
23%
1992Ivan CapelliItaly1-14
22%
1991Gianni MorbidelliItaly16
18%

Score Distribution

Percentile by Number Answered

Percent of People with Each Score

Your Score History

You have not taken this quiz